=LDR 00000nam 2200000 4500 =001 INLIS000000000008914 =005 20130612100733 =008 ***********************************Ind** =035 ##$$0010-061300000008914 =041 ##$$a Ind =082 ##$$a 615.882 =090 ##$$a 615.882, rei p =100 ##$$a Reid, Daniel =245 ##$$a Panduan Meramu Obat Tradisional, Pedoman Pengobatan Ramuan Cina yg Mudah Dipahami dan Disediakan Juga Banyak Formula Lain, Daniel Reid =260 ##$$a 2000 $b Jakarta =300 ##$$a xxvi, 376 hlm, ilus, 20 cm =650 ##$$a Obat Tradisional =850 ##$$a NBPNMAT =990 ##$$a 00054967 =990 ##$$a DW00029703 =990 ##$$a DW00029704 =990 ##$$a DW00029705 =990 ##$$a DW00029706